<?xml version="1.0" encoding="UTF-8"?>
<record
    xmlns:xsi="http://www.w3.org/2001/XMLSchema-instance"
    xsi:schemaLocation="http://www.loc.gov/MARC21/slim http://www.loc.gov/standards/marcxml/schema/MARC21slim.xsd"
    xmlns="http://www.loc.gov/MARC21/slim">

  <leader>01145caa a22002411ib4500</leader>
  <controlfield tag="003">SA-RiAUC</controlfield>
  <controlfield tag="005">20251029065850.0</controlfield>
  <controlfield tag="008">251023s2000    su     g      000f0 ara c</controlfield>
  <datafield tag="040" ind1=" " ind2=" ">
    <subfield code="a">SA-EnSBSSC</subfield>
    <subfield code="b">ara</subfield>
    <subfield code="c">SA-RiAUC</subfield>
    <subfield code="e">rda</subfield>
  </datafield>
  <datafield tag="043" ind1=" " ind2=" ">
    <subfield code="a">a-su---</subfield>
  </datafield>
  <datafield tag="082" ind1="0" ind2="4">
    <subfield code="a">253.90209531</subfield>
  </datafield>
  <datafield tag="090" ind1=" " ind2=" ">
    <subfield code="a">253.90209531  </subfield>
    <subfield code="b"> &#x62D; &#x62C; &#x64A;</subfield>
  </datafield>
  <datafield tag="100" ind1="1" ind2=" ">
    <subfield code="a">&#x627;&#x644;&#x62D;&#x62C;&#x64A;&#x644;&#x64A;&#x60C; &#x639;&#x628;&#x62F; &#x627;&#x644;&#x644;&#x647; &#x628;&#x646; &#x645;&#x62D;&#x645;&#x62F; &#x628;&#x646; &#x633;&#x639;&#x62F;</subfield>
    <subfield code="e">&#x645;&#x624;&#x644;&#x641;.</subfield>
  </datafield>
  <datafield tag="245" ind1="1" ind2="2">
    <subfield code="a">&#x627;&#x644;&#x623;&#x648;&#x642;&#x627;&#x641; &#x627;&#x644;&#x646;&#x628;&#x648;&#x64A;&#x629; &#x648;&#x648;&#x642;&#x641;&#x64A;&#x627;&#x62A; &#x628;&#x639;&#x636; &#x627;&#x644;&#x635;&#x62D;&#x627;&#x628;&#x629; &#x627;&#x644;&#x643;&#x631;&#x627;&#x645; :</subfield>
    <subfield code="b">&#x62F;&#x631;&#x627;&#x633;&#x629; &#x641;&#x642;&#x647;&#x64A;&#x629;-&#x62A;&#x627;&#x631;&#x64A;&#x62E;&#x64A;&#x629;-&#x648;&#x62B;&#x627;&#x626;&#x642;&#x64A;&#x629; /</subfield>
    <subfield code="c">&#x639;&#x628;&#x62F; &#x627;&#x644;&#x644;&#x647; &#x628;&#x646; &#x645;&#x62D;&#x645;&#x62F; &#x628;&#x646; &#x633;&#x639;&#x62F; &#x627;&#x644;&#x62D;&#x62C;&#x64A;&#x644;&#x64A;.</subfield>
  </datafield>
  <datafield tag="300" ind1=" " ind2=" ">
    <subfield code="a">63 &#x635;&#x641;&#x62D;&#x629;&#x61B;</subfield>
    <subfield code="c">28 &#x633;&#x645;.</subfield>
  </datafield>
  <datafield tag="336" ind1=" " ind2=" ">
    <subfield code="a">&#x646;&#x635;</subfield>
    <subfield code="b">txt</subfield>
    <subfield code="2">rdacontent</subfield>
    <subfield code="3">&#x645;&#x642;&#x627;&#x644;&#x629;</subfield>
  </datafield>
  <datafield tag="337" ind1=" " ind2=" ">
    <subfield code="a">&#x628;&#x62F;&#x648;&#x646; &#x648;&#x633;&#x64A;&#x637;</subfield>
    <subfield code="b">n</subfield>
    <subfield code="2">rdamedia</subfield>
  </datafield>
  <datafield tag="338" ind1=" " ind2=" ">
    <subfield code="a">&#x645;&#x62C;&#x644;&#x62F;</subfield>
    <subfield code="b">nc</subfield>
    <subfield code="2">rdacarrier</subfield>
  </datafield>
  <datafield tag="650" ind1=" " ind2="7">
    <subfield code="a">&#x627;&#x644;&#x648;&#x642;&#x641;</subfield>
    <subfield code="z">&#x627;&#x644;&#x633;&#x639;&#x648;&#x62F;&#x64A;&#x629;</subfield>
    <subfield code="x">&#x62A;&#x627;&#x631;&#x64A;&#x62E;</subfield>
    <subfield code="v">&#x645;&#x642;&#x627;&#x644;&#x627;&#x62A; &#x648;&#x645;&#x62D;&#x627;&#x636;&#x631;&#x627;&#x62A;</subfield>
    <subfield code="2">aucsh</subfield>
  </datafield>
  <datafield tag="773" ind1="0" ind2=" ">
    <subfield code="t">&#x627;&#x644;&#x639;&#x642;&#x64A;&#x642; / &#x646;&#x627;&#x62F;&#x64A; &#x627;&#x644;&#x645;&#x62F;&#x64A;&#x646;&#x629; &#x627;&#x644;&#x645;&#x646;&#x648;&#x631;&#x629; &#x627;&#x644;&#x623;&#x62F;&#x628;&#x64A;.</subfield>
    <subfield code="g">&#x645;&#x62C;&#x644;&#x62F; 14&#x60C; &#x639;&#x62F;&#x62F; 27-28 (&#x631;&#x645;&#x636;&#x627;&#x646; / &#x630;&#x648; &#x627;&#x644;&#x62D;&#x62C;&#x629; 1420 &#x647;&#x62C;&#x631;&#x64A; = &#x645;&#x627;&#x631;&#x633; 2000)&#x60C; &#x635;&#x641;&#x62D;&#x629; 63-125</subfield>
  </datafield>
  <datafield tag="942" ind1=" " ind2=" ">
    <subfield code="2">ddc</subfield>
    <subfield code="c">BOOK</subfield>
    <subfield code="n">0</subfield>
  </datafield>
  <datafield tag="949" ind1=" " ind2=" ">
    <subfield code="a">SA-JeALM</subfield>
    <subfield code="d">251023</subfield>
    <subfield code="u">mohamedma123</subfield>
    <subfield code="n">1</subfield>
  </datafield>
  <datafield tag="952" ind1=" " ind2=" ">
    <subfield code="0">0</subfield>
    <subfield code="1">0</subfield>
    <subfield code="2">ddc</subfield>
    <subfield code="4">0</subfield>
    <subfield code="7">0</subfield>
    <subfield code="a">WAHAB</subfield>
    <subfield code="b">WAHAB</subfield>
    <subfield code="d">2025-10-29</subfield>
    <subfield code="l">0</subfield>
    <subfield code="o">253.90209531  &#x62D; &#x62C; &#x64A;</subfield>
    <subfield code="p">000020503</subfield>
    <subfield code="r">2025-10-29 06:59:21</subfield>
    <subfield code="w">2025-10-29</subfield>
    <subfield code="y">BOOK</subfield>
  </datafield>
  <datafield tag="999" ind1=" " ind2=" ">
    <subfield code="c">12728</subfield>
    <subfield code="d">12728</subfield>
  </datafield>
</record>
